000 01511pab a2200205 454500
008 180718b2000 xxu||||| |||| 00| 0 eng d
100 _aColby, Jeffrey D.
245 _aModeling flooding extent from hurricane floyd in the coastal plains of North Carolina
260 _c2000
300 _ap.157-68
362 _aDec
520 _aIn this article two modeling approaches were developed based on the use of US Geological Survey digital elevation model (DEM) data. These models were utilized to delineate the extent of flooding induced by precipitation from Hurricane Floyd in a portion of Pitt County, North Carolina. The patterns of flood extent derived from the two models were compared to the extent of flooding indicated on a digital aerial photograph taken two days after peak flood levels had been reached. In addition, floodplain boundaries based on Federal Emergency Management Agency Q3 maps were compared to the extent of flooding on the aerial photo. Actual emergency response operations undertaken through the Pitt County Emergency Operations Center during the flood event are described, and are used to provide a context for evaluating the potential utility of these models. The flood extents produced by the modeling methods performed well at representing the actual extent of the flooding. - Reproduced
650 _aDisasters
650 _aStorms
650 _aCyclones
700 _aWang, Yong
700 _aMulcahy, Karen A.
773 _aEnvironmental Hazards
909 _a50448
999 _c50448
_d50448